000 00325nam a22001217a 4500
008 260506b |||||||| |||| 00| 0 eng d
082 _a001752
100 _aK. Krishnamurthy
245 _aKannada Kavyalankara Sutra: Vrutti
260 _aMysuru
_bDr. K. Krishnamurthy Research Foundation
_c2019
300 _a236p
942 _2ddc
999 _c1435
_d1435